000
00274nam a22001337a 4500
008
181002b xxu||||| |||| 00| 0 eng d
020
_a
0716706636
041
_a
eng
080
_a
573
100
_a
12
101
_a
BIO
245
_a
Biometry
_c
Sokal,R.R
942
_2
udc
_c
BK
999
_c
48782
_d
48782